LIBRARY & INFORMATION CENTRE, KCAET, TAVANUR

ONLINE PUBLIC ACCESS CATALOGUE (OPAC)

Dry-land agriculture in India / (Record no. 13185)

MARC details
000 -LEADER
fixed length control field 00436cam a2200169ua 4500
041 ## - LANGUAGE CODE
Language code of text/sound track or separate title eng
082 ## - DEWEY DECIMAL CLASSIFICATION NUMBER
Classification number 631.586
Item number RED/DR
100 ## - MAIN ENTRY--AUTHOR NAME
Personal name Reddy, Jeevananda S .
245 ## - TITLE STATEMENT
Title Dry-land agriculture in India /
260 ## - PUBLICATION, DISTRIBUTION, ETC. (IMPRINT)
Place of publication :
Name of publisher B S P Professional books ,
Year of publication 2002.
300 ## - PHYSICAL DESCRIPTION
Number of Pages 430 ; .
942 ## - ADDED ENTRY ELEMENTS (KOHA)
Koha item type Books
Holdings
Withdrawn status Lost status Damaged status Home library Current library Date acquired Full call number Accession Number Koha item type
      KAUAET KAUAET 07/04/2012 631.586 21526 Books
free website counter